000 00481cam a22002054a 4500
005 20250605164254.0
008 250528s ||||||||||||||||||||||||d
035 _a21859
020 _a9781565297548
040 _aGR-AtMCL
_bgre
_dGR-AtMCL
_eAACR2
245 1 _aMS-DOS 6.2 QUICKSTART
250 _a1
260 _bQue,
_c1994
300 _a473
700 1 _aConicki Steve
_91581
700 1 _aShimmin Bradley F
_91582
942 _cBK
999 _c6917
_d6917